| 000 | 00736nam a22002297a 4500 | ||
|---|---|---|---|
| 005 | 20180820121623.0 | ||
| 008 | 970904m19271929ii a 001 0aeng | ||
| 010 | _aENG-95781 | ||
| 020 |
_a9781403911025 _c295.00 |
||
| 035 | _aEN-79314,B-182502, B-182521 | ||
| 037 | _bDBAD/VEN | ||
| 040 | _aDPL | ||
| 082 | _a158.1 | ||
| 100 | _aKhera, Shiv | ||
| 245 |
_aLiving with honour : _c by Shiv Khera _bwhat's easy to see is easy to miss / |
||
| 260 |
_aNew Delhi _bMacmillan Publishers India _c2009 (repr) |
||
| 300 |
_axii, 202p. ; _c22 cm.(Pbk) |
||
| 500 | _a | ||
| 942 |
_2ddc _cEN _mKHE _h158.1 |
||
| 999 |
_c33530 _d33530 |
||